<?xml version="1.0" encoding="UTF-8"?>
<record
    xmlns:xsi="http://www.w3.org/2001/XMLSchema-instance"
    xsi:schemaLocation="http://www.loc.gov/MARC21/slim http://www.loc.gov/standards/marcxml/schema/MARC21slim.xsd"
    xmlns="http://www.loc.gov/MARC21/slim">

  <leader>00339nam a2200121Ia 4500</leader>
  <controlfield tag="008">191201s2019    xx            000 0 und d</controlfield>
  <datafield tag="100" ind1=" " ind2=" ">
    <subfield code="a">CHATWAL,GR</subfield>
  </datafield>
  <datafield tag="245" ind1=" " ind2="0">
    <subfield code="a">Pharmaceutical Chemistry Inorganic Vol.1</subfield>
  </datafield>
  <datafield tag="260" ind1=" " ind2=" ">
    <subfield code="b">Himalya Pub Hous</subfield>
    <subfield code="a">New Delhi</subfield>
    <subfield code="c">2019</subfield>
  </datafield>
  <datafield tag="300" ind1=" " ind2=" ">
    <subfield code="a">469</subfield>
  </datafield>
  <datafield tag="650" ind1=" " ind2=" ">
    <subfield code="a">Pharmaceutical inorganic Chemistry</subfield>
  </datafield>
  <datafield tag="942" ind1=" " ind2=" ">
    <subfield code="2">ddc</subfield>
    <subfield code="c">BK</subfield>
    <subfield code="0">12</subfield>
  </datafield>
  <datafield tag="999" ind1=" " ind2=" ">
    <subfield code="c">8410</subfield>
    <subfield code="d">8410</subfield>
  </datafield>
  <datafield tag="952" ind1=" " ind2=" ">
    <subfield code="0">0</subfield>
    <subfield code="1">0</subfield>
    <subfield code="2">ddc</subfield>
    <subfield code="4">0</subfield>
    <subfield code="7">0</subfield>
    <subfield code="8">DP</subfield>
    <subfield code="a">PIET</subfield>
    <subfield code="b">PIET</subfield>
    <subfield code="c">R03</subfield>
    <subfield code="d">2019-10-31</subfield>
    <subfield code="e">Kirti Prakashan</subfield>
    <subfield code="g">450.00</subfield>
    <subfield code="k">IN 4580</subfield>
    <subfield code="l">1</subfield>
    <subfield code="o">546 CHP</subfield>
    <subfield code="p">DP792</subfield>
    <subfield code="r">2020-01-14 00:00:00</subfield>
    <subfield code="s">2019-12-19</subfield>
    <subfield code="v">328.50</subfield>
    <subfield code="w">2019-08-19</subfield>
    <subfield code="y">REF</subfield>
  </datafield>
  <datafield tag="952" ind1=" " ind2=" ">
    <subfield code="0">0</subfield>
    <subfield code="1">0</subfield>
    <subfield code="2">ddc</subfield>
    <subfield code="4">0</subfield>
    <subfield code="7">0</subfield>
    <subfield code="8">DP</subfield>
    <subfield code="a">PIET</subfield>
    <subfield code="b">PIET</subfield>
    <subfield code="d">2019-10-31</subfield>
    <subfield code="e">Kirti Prakashan</subfield>
    <subfield code="g">450.00</subfield>
    <subfield code="k">IN 4580</subfield>
    <subfield code="l">10</subfield>
    <subfield code="o">546 CHP</subfield>
    <subfield code="p">DP793</subfield>
    <subfield code="r">2025-03-19 00:00:00</subfield>
    <subfield code="s">2025-03-04</subfield>
    <subfield code="v">328.50</subfield>
    <subfield code="w">2019-08-19</subfield>
    <subfield code="y">BK</subfield>
  </datafield>
  <datafield tag="952" ind1=" " ind2=" ">
    <subfield code="0">0</subfield>
    <subfield code="1">0</subfield>
    <subfield code="2">ddc</subfield>
    <subfield code="4">0</subfield>
    <subfield code="7">0</subfield>
    <subfield code="8">DP</subfield>
    <subfield code="a">PIET</subfield>
    <subfield code="b">PIET</subfield>
    <subfield code="d">2019-10-31</subfield>
    <subfield code="e">Kirti Prakashan</subfield>
    <subfield code="g">450.00</subfield>
    <subfield code="k">IN 4580</subfield>
    <subfield code="l">8</subfield>
    <subfield code="o">546 CHP</subfield>
    <subfield code="p">DP794</subfield>
    <subfield code="r">2026-03-25 00:00:00</subfield>
    <subfield code="s">2026-03-12</subfield>
    <subfield code="v">328.50</subfield>
    <subfield code="w">2019-08-19</subfield>
    <subfield code="y">BK</subfield>
  </datafield>
  <datafield tag="952" ind1=" " ind2=" ">
    <subfield code="0">0</subfield>
    <subfield code="1">0</subfield>
    <subfield code="2">ddc</subfield>
    <subfield code="4">0</subfield>
    <subfield code="7">0</subfield>
    <subfield code="8">DP</subfield>
    <subfield code="a">PIET</subfield>
    <subfield code="b">PIET</subfield>
    <subfield code="d">2019-10-31</subfield>
    <subfield code="e">Kirti Prakashan</subfield>
    <subfield code="g">450.00</subfield>
    <subfield code="k">IN 4580</subfield>
    <subfield code="l">4</subfield>
    <subfield code="o">546 CHP</subfield>
    <subfield code="p">DP795</subfield>
    <subfield code="r">2023-07-06 00:00:00</subfield>
    <subfield code="s">2023-06-20</subfield>
    <subfield code="v">328.50</subfield>
    <subfield code="w">2019-08-19</subfield>
    <subfield code="y">BK</subfield>
  </datafield>
  <datafield tag="952" ind1=" " ind2=" ">
    <subfield code="0">0</subfield>
    <subfield code="1">0</subfield>
    <subfield code="2">ddc</subfield>
    <subfield code="4">0</subfield>
    <subfield code="7">0</subfield>
    <subfield code="8">DP</subfield>
    <subfield code="a">PIET</subfield>
    <subfield code="b">PIET</subfield>
    <subfield code="d">2019-10-31</subfield>
    <subfield code="e">Kirti Prakashan</subfield>
    <subfield code="g">450.00</subfield>
    <subfield code="k">IN 4580</subfield>
    <subfield code="l">3</subfield>
    <subfield code="o">546 CHP</subfield>
    <subfield code="p">DP796</subfield>
    <subfield code="r">2023-10-03 00:00:00</subfield>
    <subfield code="s">2023-09-19</subfield>
    <subfield code="v">328.50</subfield>
    <subfield code="w">2019-08-19</subfield>
    <subfield code="y">BK</subfield>
  </datafield>
</record>
